000 00455nam a2200181Ia 4500
001 4961
005 20260306145833.0
008 260306t2019||||xx |||||||||||||| ||spa||
041 _aESP
082 _a332.1
_bF11F
100 _aFabozzi, Frank J.
_eAUT
245 0 _aFoundations of global financial markets and institutions
260 _c2019
300 _axxi, 1075 páginas :
_c24 cm.
650 _aGEN
654 _aCAN
942 _cLIB
_dJUS
_fJUS
_2ddc
_n
999 _c4961
_d4961